02948nam a2200433uu 4500001000800000005001700008007001000025008004100035035001200076040001300088041000800101100004600109245015300155260003900308300004200347520147000389650003401859650002801893650003701921650002901958650002101987650003602008650003102044650001902075650002102094650002102115650003402136650004802170650002802218650002802246650002402274700005102298700005302349856006002402942001302462999001902475502001202494526000802506155198320240707085412.0cr|||||||201023s2019 spa  a1551983 ccomduadb aspa10aHiguita López, Eliana4auteaut981324213aEl impacto del nuevo marco técnico normativo en el patrimonio de una empresa Pyme y su incidencia en la creación de valor hacia los propietarios aMedellín :bAutores (as),c2019. aArchivo en Repositorio Institucional.3 aRESUMEN: En Colombia, la Ley 1314 de 2009 dispuso la modernización de las normas contables para mejorar la productividad, la competitividad y el desarrollo armónico de la actividad empresarial, por medido la convergencia hacia estándares internacionales reconocidos, las mejores prácticas y en armonía con la rápida evolución de los negocios, y encargó al Consejo Técnico de la Contaduría Pública elaborar propuestas de normas y someterlas a consideración de los ministerios de Hacienda y Crédito Público, y de Comercio, Industria y Turismo. Considerando que los requisitos de información financiera no son necesariamente adecuados para las pequeñas y medianas empresas y mucho menos para las microempresas, la Ley establece mecanismos de estratificación en busca de separar las normas contables de cierto tipo de entidades: 1) las variables de tamaño (activos, ingresos, empleados). 2) La forma de organización jurídica 3) Las circunstancias socioeconómicas. 4) El sector al que pertenecen. 5) El interés público involucrado en su actividad. La NIIF para PYME fue emitida en julio de 2009, reglamentada con el decreto 3022 de diciembre 2012 y actualizada por los decretos modificatorios 2420 y 2496 de diciembre de 2016. La modificación de las normas contables implica cambios en la forma en que se reconocen, miden y presentan los hechos económicos que afectan a una entidad denominadas implicaciones financieras. aPatrimonio industrial9125198 aEmpresas medianas92366 7aAnálisis financiero2lemb9114 7aAdopción2embne941812 aTransporte91048 7aEstados financieros2lemb91546 7aFlujo de caja2lemb933495 aImpacto954979 aMedición95252 aPatrimonio93824 aPolíticas contables9231694 7aPequeña y mediana empresa2armarc9114964 7aReconocimiento2926526 aValor razonable9131234 aValoración92030210aDeossa Hincapié, Katherine4auteaut981324310aVillegas Bedoya, Silvio León4thseths93859434 uhttp://bibliotecadigital.udea.edu.co/handle/10495/13733 cTESISn0 c814677d814677 b189c17 a191